Thermal Engineering (Record no. 34319)
[ view plain ]
| 000 -LEADER | |
|---|---|
| fixed length control field | 00279nam a2200133Ia 4500 |
| 082 ## - DEWEY DECIMAL CLASSIFICATION NUMBER | |
| Classification number | 621.402 |
| Item number | RAJ |
| 100 ## - MAIN ENTRY--PERSONAL NAME | |
| Personal name | Rajput/ R.K. |
| 245 ## - TITLE STATEMENT | |
| Title | Thermal Engineering |
| 260 ## - PUBLICATION, DISTRIBUTION, ETC. | |
| Name of publisher, distributor, etc. | Laxmi publications |
| Date of publication, distribution, etc. | 2001 |
| 300 ## - PHYSICAL DESCRIPTION | |
| Extent | 1467 |
| 546 ## - LANGUAGE NOTE | |
| Language note | ENGLISH |
| 654 ## - SUBJECT ADDED ENTRY--FACETED TOPICAL TERMS | |
| Focus term | thermal |
| 942 ## - ADDED ENTRY ELEMENTS (KOHA) | |
| Koha item type | BOOK |
| Withdrawn status | Lost status | Damaged status | Not for loan | Collection | Home library | Current library | Date acquired | Total Checkouts | Full call number | Barcode | Date last seen | Price effective from | Koha item type | Date due | Date last checked out |
|---|---|---|---|---|---|---|---|---|---|---|---|---|---|---|---|
| CRC | Fr. Agnel's C.Rodrigues College of Engineering | Fr. Agnel's C.Rodrigues College of Engineering | 17/03/2023 | 621.402 RAJ | 11874 | 17/03/2023 | 17/03/2023 | BOOK | |||||||
| CRC | Fr. Agnel's C.Rodrigues College of Engineering | Fr. Agnel's C.Rodrigues College of Engineering | 17/03/2023 | 621.402 RAJ | 11877 | 17/03/2023 | 17/03/2023 | BOOK | |||||||
| CRC | Fr. Agnel's C.Rodrigues College of Engineering | Fr. Agnel's C.Rodrigues College of Engineering | 17/03/2023 | 621.402 RAJ | 11878 | 17/03/2023 | 17/03/2023 | BOOK | |||||||
| CRC | Fr. Agnel's C.Rodrigues College of Engineering | Fr. Agnel's C.Rodrigues- College of Engineering | 17/03/2023 | 1 | 621.402 RAJ | 11875 | 12/06/2023 | 17/03/2023 | BOOK | 16/03/2012 | 12/06/2023 | ||||
| CRC | Fr. Agnel's C.Rodrigues College of Engineering | Fr. Agnel's C.Rodrigues- College of Engineering | 17/03/2023 | 1 | 621.402 RAJ | 11876 | 12/06/2023 | 17/03/2023 | BOOK | 22/10/2016 | 12/06/2023 |